000 00350nam a2200145 i 4500
001 bg
100 1 _aSCHEIDEGGER, Adrian E.
245 0 _aGeomorfologia teoretyczna /
_cAdrian E. Scheidegger.
250 _aWyd.2 popr.
260 _aWarszawa,
_c1974.
040 _cBPK
041 _apol
942 _cKS
008 s pl f |000 0 pol
999 _c26321
_d26321
856 _uhttp://koha.tu.koszalin.pl/cgi-bin/koha/opac-detail.pl?biblionumber=26321
_yKatalog online BPK